| 000 | 00435nam a2200169Ia 4500 | ||
|---|---|---|---|
| 008 | 210719s1987 xx 000 0 und d | ||
| 041 | _aeng | ||
| 082 | _aT494.3 MANE | ||
| 100 | _aMANNER (A) | ||
| 245 | _aEnglish Tulu dictionary | ||
| 260 |
_aND _bAsian Educational Services _c1987 |
||
| 300 |
_avi,653 _bHB |
||
| 365 |
_b495 _cRs |
||
| 650 | _aTulu Dictionary | ||
| 650 | _aTulu Language | ||
| 906 | _adictionary ; English ; Tulu | ||
| 999 |
_c215450 _d215450 |
||